MARC

LEADER 00000nam0a2200000 4500
001 318689
005 20231102003113.0
035 |a (RuTPU)RU\TPU\book\344190 
090 |a 318689 
100 |a 20160503d1980 km y0rusy5003 ca 
101 0 |a rus 
102 |a RU 
105 |a a z 001zy 
200 1 |a Металл особой ценности  |f Б. Я. Розен, Я. Б. Розен 
210 |a Москва  |c Металлургия  |d 1980 
215 |a 207 с.  |c ил. 
320 |9 572  |a Библиогр.: с. 306-307 
606 1 |a Алюминий  |x Металловедение  |2 stltpush  |3 (RuTPU)RU\TPU\subj\21946  |9 46853 
610 1 |a цветная металлургия 
610 1 |a свойства 
610 1 |a пластичность 
610 1 |a теплопроводность 
610 1 |a электропроводность 
610 1 |a открытие 
610 1 |a история 
610 1 |a получение 
610 1 |a применение 
675 |a 669.71  |v 3 
700 1 |a Розен  |b Б. Я.  |g Борис Яковлевич 
701 1 |a Розен  |b Я. Б.  |g Яков Борисович 
801 0 |a RU  |b RuMRKP  |c 19950704  |g psbo 
801 1 |a RU  |b 63413507  |c 20160503 
801 2 |a RU  |b 63413507  |c 20200713  |g RCR 
942 |c BK